Protestas contra la minería en Guatemala: ¿qué papel juegan las élites en los conflictos?/
Gespeichert in:
| 1. Verfasser: | |
|---|---|
| Weitere Verfasser: | |
| Format: | Buch |
| Sprache: | Spanish |
| Tags: |
Tag hinzufügen
Keine Tags, Fügen Sie den ersten Tag hinzu!
|
MARC
| LEADER | 00000nam a22000007a 4500 | ||
|---|---|---|---|
| 003 | cru CIDCACS/IIS | ||
| 005 | 20210819102015.0 | ||
| 007 | ta | ||
| 008 | 180221s2016 cr |||||r||||||0| ||spa|d | ||
| 040 | |c cru CIDCACS/IIS | ||
| 100 | 1 | |a Aguilar-Søen, Mariel |9 6673 | |
| 245 | 1 | |a Protestas contra la minería en Guatemala: |b ¿qué papel juegan las élites en los conflictos?/ |c Mariel Aguilar-Støen, Benedicte Bull | |
| 300 | |a páginas 15-44 | ||
| 500 | |a Colección Centroamérica | ||
| 700 | 1 | |a Bull, Benedicte |9 6674 | |
| 773 | 0 | |0 18765 |9 1811 |a Universidad de Costa Rica |d San José, Costa Rica: Editorial Universidad de Costa Rica, 1974- |o 18831 |t Anuario de Estudios Centroaméricanos / |x 03777316 | |
| 942 | |2 ddc |c PP | ||
| 999 | |c 41032 |d 41032 | ||
